<?xml version='1.0' encoding='UTF-8'?>
  <record xmlns="http://www.loc.gov/MARC21/slim">
    <leader>00000ctm a22000007a 4500</leader>
    <controlfield tag="001">ocn965420034</controlfield>
    <controlfield tag="003">OCoLC</controlfield>
    <controlfield tag="005">20250313042838.9</controlfield>
    <controlfield tag="008">150501q14411500ne            000 0 lat d</controlfield>
    <datafield tag="040" ind1=" " ind2=" ">
      <subfield code="a">QGJ</subfield>
      <subfield code="b">dut</subfield>
      <subfield code="c">QGJ</subfield>
      <subfield code="d">QGJ</subfield>
      <subfield code="d">OCLCL</subfield>
      <subfield code="d">OCLCQ</subfield>
    </datafield>
    <datafield tag="035" ind1=" " ind2=" ">
      <subfield code="a">(OCoLC)965420034</subfield>
    </datafield>
    <datafield tag="245" ind1="0" ind2="0">
      <subfield code="a">Definitiones capituli generalis ordinis Cisterciensis et quaedam alia Cisterciensium.</subfield>
      <subfield code="f">UBU Hs. 4 E 17.</subfield>
    </datafield>
    <datafield tag="260" ind1=" " ind2=" ">
      <subfield code="a">[IJsselstein] :</subfield>
      <subfield code="b">[Klooster Mariënberg],</subfield>
      <subfield code="c">[1441-1500].</subfield>
    </datafield>
    <datafield tag="300" ind1=" " ind2=" ">
      <subfield code="a">115 fols.</subfield>
      <subfield code="c">c. 215 x 140 mm.</subfield>
    </datafield>
    <datafield tag="336" ind1=" " ind2=" ">
      <subfield code="a">text</subfield>
      <subfield code="b">txt</subfield>
      <subfield code="2">rdacontent</subfield>
    </datafield>
    <datafield tag="337" ind1=" " ind2=" ">
      <subfield code="a">unmediated</subfield>
      <subfield code="b">n</subfield>
      <subfield code="2">rdamedia</subfield>
    </datafield>
    <datafield tag="338" ind1=" " ind2=" ">
      <subfield code="a">volume</subfield>
      <subfield code="b">nc</subfield>
      <subfield code="2">rdacarrier</subfield>
    </datafield>
    <datafield tag="340" ind1=" " ind2=" ">
      <subfield code="a">parchment and paper</subfield>
      <subfield code="k">Number of lines varies, littera hybrida.</subfield>
    </datafield>
    <datafield tag="500" ind1=" " ind2=" ">
      <subfield code="a">Contains the "Antiquae definitiones" (1289 and 1316), the "Novellae definitiones" (1350) and a selection of statutes from 1349-1439.</subfield>
    </datafield>
    <datafield tag="500" ind1=" " ind2=" ">
      <subfield code="a">Date: 15th century (after 1441): the year that is last mentioned in the manuscript is 1441 (fol. 97r).</subfield>
    </datafield>
    <datafield tag="500" ind1=" " ind2=" ">
      <subfield code="a">Preliminary title.</subfield>
    </datafield>
    <datafield tag="524" ind1=" " ind2=" ">
      <subfield code="a">Cite as: Universiteitsbibliotheek Utrecht Hs. 4 E 17.</subfield>
    </datafield>
    <datafield tag="561" ind1=" " ind2=" ">
      <subfield code="a">Localisation based on a reference on fol. 84r.: "Sequuntur hic diffiniciones annales capituli generalis non omnes sed alique secundum quod ad noticiam nostram poterant devenire vel conventui nostro in ysselsteyn ab allis sunt intimate vel denunciate". The manuscript has the ex-libris of the monastery of St. Salvator in Antwerp on fol. 2r. Fol. 1v contains a reference to Jacobus de Borsalia, prior of the same monastery, and is dated 1480. In the 19th century it was owned by the well-known poet, designer and socialist William Morris (1834-1896). After his death the manuscript was obtained by Richard Bennett, who had it sold at Sotheby's, London, in 1898. It was purchased by a certain "Wilton". Eventually the manuscript was owned by P.J. van Alfen, Doorn.</subfield>
    </datafield>
    <datafield tag="581" ind1=" " ind2=" ">
      <subfield code="a">M. Schoengen, Monasticon Batavum. Amsterdam 1942. P. 135.</subfield>
    </datafield>
    <datafield tag="581" ind1=" " ind2=" ">
      <subfield code="a">K. Elm, 'Die münsterländischen Klöster Gross-Burlo und Klein-Burlo. Ihre Entstehung, Observanz und Stellung in der nordwesteuropäischen Reformbewegung des 15. Jahrhunderts', in: Westfälische Forschungen 18 (1965), p. 23-42. p. 37.</subfield>
    </datafield>
    <datafield tag="581" ind1=" " ind2=" ">
      <subfield code="a">B. Heesters, 'O.L. Vrouwenberg te IJsselstein', in: Jaarboekje van 'Oud-Utrecht'' (1968), p. 41-51. p. ?</subfield>
    </datafield>
    <datafield tag="581" ind1=" " ind2=" ">
      <subfield code="a">L. Indestege, 'Note sur une reliure couvrant un manuscrit de 1480 de l' ancien prieuré Saint-Sauveur à Anvers,' in: Scriptorium 23 (1969), p. 276-279. P. 276-279.</subfield>
    </datafield>
    <datafield tag="581" ind1=" " ind2=" ">
      <subfield code="a">P.M.M. Geurts, 'Een welkome aanwinst van de handschriftenafdeling', in: Bibliotheek der Rijksuniversiteit te Utrecht. Nieuws &amp; aanwinsten. In een nieuwe opzet samengesteld ter gelegenheid van de zestigste verjaardag van dr. D. Grosheide. Utrecht 1973, p. 1-3. P. 1-3.</subfield>
    </datafield>
    <datafield tag="581" ind1=" " ind2=" ">
      <subfield code="a">Chr. van Wijnbergen &amp; H. Zapp, Verzeichnis kanonistischer Handschriften in den Niederlanden). Würzburg 1988. (= Forschungen zur Kirchenrechtswissenschaft 3). P. 252-253.</subfield>
    </datafield>
    <datafield tag="581" ind1=" " ind2=" ">
      <subfield code="a">A.J. de Groot &amp; E.C.C. Coppens, Manuscripta canonistica Latina. Elenchus codicum necnon diplomatum iuris canonici ante a. 1600 in bibliothecis ac archivis neerlandicis. Nijmegen 1989. (= Rechtshistorische reeks van het Gerard Noodt Instituut 14). p. 474-475 nr. 1699.</subfield>
    </datafield>
    <datafield tag="581" ind1=" " ind2=" ">
      <subfield code="a">The surviving manuscripts and incunables from medieval Belgian libraries. Brussel 2009 (= Corpus catalogorum Belgii. The medieval booklists of the southern Low Countries 7) p. 26 nr. 57.</subfield>
    </datafield>
    <datafield tag="530" ind1=" " ind2=" ">
      <subfield code="a">Also available in online version.</subfield>
    </datafield>
    <datafield tag="541" ind1=" " ind2=" ">
      <subfield code="a">Sotheby's;</subfield>
      <subfield code="b">London;</subfield>
      <subfield code="c">Purchase;</subfield>
      <subfield code="d">19720710.</subfield>
      <subfield code="5">NL-UtRU</subfield>
    </datafield>
    <datafield tag="655" ind1=" " ind2="7">
      <subfield code="a">Handschriften (vorm)</subfield>
      <subfield code="0">088143309</subfield>
      <subfield code="2">gtt</subfield>
    </datafield>
    <datafield tag="700" ind1="1" ind2=" ">
      <subfield code="a">Morris, William,</subfield>
      <subfield code="d">1834-1896,</subfield>
      <subfield code="e">former owner.</subfield>
      <subfield code="4">fmo</subfield>
      <subfield code="1">https://id.oclc.org/worldcat/entity/E39PBJfCCtDyqkmJdVg4CKBpT3</subfield>
      <subfield code="5">NL-UtRU</subfield>
    </datafield>
    <datafield tag="700" ind1="1" ind2=" ">
      <subfield code="a">Bennett, Richard.</subfield>
      <subfield code="e">former owner.</subfield>
      <subfield code="4">fmo</subfield>
      <subfield code="5">NL-UtRU</subfield>
    </datafield>
    <datafield tag="700" ind1="1" ind2=" ">
      <subfield code="a">Wilton.</subfield>
      <subfield code="e">former owner.</subfield>
      <subfield code="4">fmo</subfield>
      <subfield code="5">NL-UtRU</subfield>
    </datafield>
    <datafield tag="700" ind1="1" ind2=" ">
      <subfield code="a">Alfen, Philip Joseph van,</subfield>
      <subfield code="c">1894-1969.</subfield>
      <subfield code="e">former owner.</subfield>
      <subfield code="4">fmo</subfield>
      <subfield code="5">NL-UtRU</subfield>
    </datafield>
    <datafield tag="710" ind1="2" ind2=" ">
      <subfield code="a">Klooster Mariënberg (IJsselstein)</subfield>
      <subfield code="e">former owner.</subfield>
      <subfield code="4">fmo</subfield>
      <subfield code="5">NL-UtRU</subfield>
    </datafield>
    <datafield tag="710" ind1="2" ind2=" ">
      <subfield code="a">St. Salvatorklooster (Antwerpen)</subfield>
      <subfield code="e">former owner.</subfield>
      <subfield code="4">fmo</subfield>
      <subfield code="5">NL-UtRU</subfield>
    </datafield>
    <datafield tag="776" ind1="0" ind2="8">
      <subfield code="i">Online version:</subfield>
      <subfield code="t">Definitiones capituli generalis ordinis Cisterciensis et quaedam alia Cisterciensium.</subfield>
      <subfield code="d">[IJsselstein] : [Klooster Mari©±nberg], [1441-1500].</subfield>
    </datafield>
    <datafield tag="856" ind1="4" ind2="1">
      <subfield code="u">http://objects.library.uu.nl/reader/resolver.php?obj=002658724&amp;type=2</subfield>
      <subfield code="x">Online</subfield>
      <subfield code="z">Full Text</subfield>
    </datafield>
    <datafield tag="936" ind1=" " ind2=" ">
      <subfield code="a">BATCHLOAD</subfield>
    </datafield>
  </record>